000
00298nam a22001337a 4500
008
210323b ||||| |||| 00| 0 eng d
020
_a
9780714872469
041
_a
eng
080
_a
7
100
_a
46
101
_a
ART
245
_a
Military Style Invades Fashion
_c
Godbold,T
942
_2
udc
_c
BK
999
_c
56679
_d
56679